00735nam a2200205 a 4500001001000000003000400010005001700014008004100031040002500072049001000097100003800107245006600145260003600211300002000247504003000267942001400297952009900311952010200410999001700512000027673OSt20201117103925.0110404s1978 dr 000 0 spa d aDO-SdBNPbspacBNPHU aBNPHU1 aCastro García, Teófilo95475710aIntervención Yanqui 1916-1924 /cTeófilo Castro García. aSanto Domingo :bTaller,c1978. a54 p. ;c21 cm. aBibliografía : p. 53-54 2ddccLBS1 00102ddc708PDaBNPHUbPDcCTd2011-04-04iLF1l0o p27673-10r2020-06-25w2020-06-25yLFPD 00102ddc728MOaBNPHUbPDcCTd2020-11-02eManuel Ortiz l0r2020-11-02te. 2w2020-11-02yLBS1 c27165d27165